000 00679nam a22001337a 4500
040 _cRUA
082 _aAGR LEA 2018 B663 Or.1
100 _aLEAP KOUN លាប ឃួន
245 _aការប្រៀបធៀបការលូតលាស់ និងទិន្នផលរបស់ប្រភេទសាលាដផ្សេងៗគ្មាក្នុងលក្ខណ​ះបណ្តែងអ៊ីដ្រូផូនិក comparison of growth and yield of different letuce (lactuca sativa. L. ) Cultivars under hydroponic floating condition
260 _aRUA
_bPhnom penh
_c2018
300 _aviii;24p
_bill;
_c29cm
856 _u LEAP KOUN
942 _cAGR
999 _c19216
_d19216